La fusin̤ de cooperativas

Bibliographic Details
Main Author: Cano Ortega, Cristina
Format: eBook
Language:Spanish
Published: Madrid: Marcial Pons, 2015
Subjects:
Online Access:Acceso restringido

MARC

LEADER 00000nam a22000007a 4500
005 20211004215758.0
007 cr|||| ||||
008 211004s2015 es |||||s|||| 00||0 spa d
020 |a 978-84-1381-176-5 
035 |a 33611 
040 |a vLex 
090 |c 12484  |d 12484 
100 1 |a Cano Ortega, Cristina 
245 1 2 |a La fusin̤ de cooperativas  |h [Recurso electrn̤ico] /  |c Cristina Cano Ortega 
256 |a Servicio en ln̕ea 
260 |a Madrid:  |b Marcial Pons,  |c 2015 
300 |a 1 recurso electrn̤ico 
500 |a La creciente preocupacin̤ por el reducido tamaǫ de las cooperativas espaǫlas que puede restarles competitividad frente a las de otros pas̕es, ha puesto de relieve la importancia de los distintos procesos de integracin̤ de cooperativas. Ms̀ an︢ cuando los poderes pb︢licos estǹ impulsando ms̀ intensamente estos procesos desde la promulgacin̤ de la Ley 13/2013, de 2 de agosto, de fomento de la integracin̤ de cooperativas y de otras entidades asociativas de carc̀ter agroalimentario. Si bien los grupos cooperativos y especialmente las cooperativas de segundo grado han sido las formas de integracin̤ cooperativa ms̀ utilizadas en la prc̀tica y analizadas por la doctrina, la fusin̤ de cooperativas constituye una herramienta de concentracin̤ de empresas con mucho potencial en este sector. La presente obra trata de analizar, en primer lugar, de una forma general los procesos de integracin̤ de cooperativas y la Ley de fomento de la integracin̤ de estas entidades; para pasar posteriormente a un estudio de los distintos modelos de regulacin̤ de la fusin̤ de cooperativas en las leyes reguladoras espaǫla y de otros pas̕es de nuestro entorno. Posteriormente, se procede a estudiar en profundidad el rǧimen legal de la fusin̤ de cooperativas contemplado en las leyes estatal y autonm̤icas, tras haber seąlado el carc̀ter mercantil de estas entidades, y comparando su regulacin̤ con la prevista en la Ley 3/2009, de 3 de abril, sobre modificaciones estructurales de las sociedades mercantiles. Por l︢timo, se analizan otros aspectos relevantes de la fusin̤ como su rǧimen fiscal o casos de x̌ito de estas operaciones, tanto espaǫles como extranjeros. 
506 1 |a Disponible solo en los productos indicados  |d vLex Global  |d vLex Global (Academic Edition, excluding Law Schools)  |d vLex Global (U.S. Academic Edition, Law Schools)  |d vLex Global (U.S. Academic Edition, excluding Law Schools)  |d vLex Global (Academic Edition, Law Schools) 
650 0 4 |a Derecho Mercantil y de la Empresa  |z Espaą 
650 0 4 |a Sociedades  |z Espaą 
740 0 |a vLex Libros (Servicio en ln̕ea) 
856 4 0 |u https://app.vlex.com/#/sources/33611  |z Acceso restringido 
942 |c BOOK 
999 0 |a Commercial and Company Law 
999 0 |a Companies